Star Wars Jedi - Statistics

General Stats
  • This quiz has been taken 563 times
  • The average score is 16 of 44
Answer Stats
Species Answer % Correct
Human Obi-Wan Kenobi
95%
? Yoda
94%
Human Mace Windu
88%
Human Anakin Skywalker
83%
Nautolan Kit Fisto
77%
Cerean Ki-Adi-Mundi
73%
Kel Dor Plo Koon
72%
Human Qui-Gon Jinn
66%
Twi'lek Aayla Secura
65%
Togruta Ahsoka Tano
65%
? Yaddle
65%
Human Luke Skywalker
63%
Togruta Shaak Ti
62%
Human Count Dooku
49%
Mirialan Luminara Unduli
45%
Zabrak Eeth Koth
41%
Mirialan Barriss Offee
40%
Human Rey Skywalker
37%
Zabrak Agen Kolar
30%
Vurk Coleman Trebor
30%
Kiffar Quinlan Vos
29%
Tholothian Adi Gallia
28%
Quermian Yarael Poof
27%
Lannik Even Piell
25%
Dathomirian Asajj Ventress
24%
Thisspiasian Oppo Rancisis
21%
Human Depa Billaba
19%
Tholothian Stass Allie
19%
Mon Calamari Nahdar Vebb
18%
Nikto Ima-Gun Di
17%
Human Jocasta Nu
17%
Human Ben Solo
16%
Ongree Coleman Kcaj
13%
Iktotchi Saesee Tinn
13%
Mikkian Tiplar
10%
Rodian Bolla Ropal
9%
Human Sifo-Dyas
9%
Mikkian Tiplee
9%
Cosian Tera Sinube
7%
Roonan Halsey
5%
Skrilling Ord Enisence
2%
Mon Calamari Eekar Oki
1%
Halaisi Rig Nema
0%
Human Tu-Anh
0%
No matching quizzes found
Score Distribution
Percent of People with Each Score
Percentile by Number Answered
Your Score History
You have not taken this quiz